Riadenie inverzného kyvadla pomocou zotrvačníka

Guardado en:
Detalles Bibliográficos
Autor principal: Revallo, Peter (Autor)
Otros Autores: Halás, Oto (Orientador)
Formato: Manuscrito Libro
Lenguaje:eslovaco
Publicado: Bratislava : STU v Bratislave FEI, 2007
Materias:
Etiquetas: Agregar Etiqueta
Sin Etiquetas, Sea el primero en etiquetar este registro!

MARC

LEADER 00000ntm a22000003a 4500
001 stu142960
005 20160719165038.4
008 070702s2007------------------------slo-d
040 |a STU  |b slo 
041 0 |a slo 
100 1 |a Revallo, Peter  |4 aut 
245 1 |a Riadenie inverzného kyvadla pomocou zotrvačníka 
260 |a Bratislava :  |b STU v Bratislave FEI,  |c 2007 
300 |a 52 s  |c príl. 
650 7 |a automatizácia  |2 stusub 
650 7 |a robotika  |2 stusub 
650 7 |a kyvadlá  |2 stusub 
650 7 |a princíp zotrvačnosti  |2 stusub 
700 1 |a Halás, Oto  |4 ths